Latvian Presidents - Statistics

General Stats
  • This quiz has been taken 33 times
  • The average score is 9 of 11
Answer Stats
Picture Answer % Correct
Kārlis Ulmanis
96%
Vaira Vīķe-Freiberga
96%
Jānis Čakste
89%
Egils Levits
86%
Valdis Zatlers
86%
Andris Bērziņš
82%
Raimonds Vējonis
82%
Gustavs Zemgals
79%
Alberts Kviesis
75%
Guntis Ulmanis
75%
Pauls Kalniņš
29%
No matching quizzes found
Score Distribution
Percent of People with Each Score
Percentile by Number Answered
Your Score History
You have not taken this quiz